1053 1119 1083 1754 1435 1048 1163 1861 1260 1808 1539 1126 1210 1920 1073 1239 1132 1930 1734 1915 1257 1770 1737 1543 1523 1321 1281 1045 1934 1259 1545 1134 1858 1892 1746 1761 1769 1423 1161 1503 1317 1747 1272 1091 1758 1212 1851 1979 1410 1300 1677 1159 1592 1953 1548 1438 1280 1465 1978 1758 1907 1037 1316 1466 1887 1884 1828 1009 1625 1172 1418 1039 1796 1250 1060 1509 1978 1725 1563 1020 1957 1014 1947 1203 1987 1745 1987 1102 1289 1556 1359 1317 1612 1630 1233 1625 1555 1974 1664 BCNSPRNW ULIB Ver.6.0+V

เปลี่ยนเป็นภาษาไทย

Change to English
 แสดงรายละเอียดบรรณานุกรม
  กลับหน้าหลัก

Brief Record : Get Marc (ISO 2709) : E-mail record : QR code < ปิดหน้าต่าง
LEADER : 00000nam 2200000uu 4500
001    13399124766
003     ULIB
008    020711s2558 th a 000 0 tha d
020    9786167781037
050  4 DS586^bธ999พ ล.1
100    ธานัฐ ภัทรภาคร์,^eผู้รวบรวม
245    พงศาวดารสยาม เล่ม 1 กรุงสุโขทัย-กรุงศรีอยุธยา/^cธานัฐ ภัทรภาคร์,ผู้รวบรวม
260    นนทบุรี :^bคุ้มเกล้า,^c2558
300    241 หน้า;^b28.5 ซม.
650    ประวัติศาสตร์
650    พงศาวดาร
945    ^p450^l0^i23277
999    ^aทศพร เกษรทอง
รายการนี้ยังไม่มีแท็ก
คุณยังไม่ได้ล็อกอิน คุณสามารถมีกิจกรรมร่วมกับเว็บไซต์ได้ แต่ต้องล็อกอินก่อน ::
  ล็อกอิน

รายการสื่อสารสนเทศ

ลำดับที่ ประเภท เลขเรียก/บาร์โค้ด สถานที่ สถานะ
1. การศึกษาทั่วไป
การศึกษาทั่วไป
DS586 ธ999พ ล.1 ฉ.1 
  Barcode: 23277
ห้องสมุดวิทยาเขตนครสวรรค์
►หนังสือทั่วไป:l:General Books
บนชั้น

รายการใกล้เคียง
    หัวเรื่อง [ประวัติศาสตร์]
    หัวเรื่อง [พงศาวดาร]

BibComment


ยังไม่เคยถูกคอมเมนท์

คอมเมนท์ทรัพยากรรายการนี้
  คอมเมนท์: พงศาวดารสยาม เล่ม..


 Copyright 2026. Bcnsprnw @Library